Switzerland Cantons by Abbreviation - Statistics

General Stats
  • This quiz has been taken 71 times
  • The average score is 19 of 26
Answers on the Map
Answers color-coded by a green-red scale on the quiz's map according to % correct below.
 
Answer Stats
Abbv Canton % Correct
ZH Zürich
95%
GE Geneva
93%
BE Bern
90%
BS Basel-Stadt
85%
BL Basel-Landschaft
83%
TI Ticino
83%
LU Luzern
80%
ZG Zug
78%
AG Aargau
75%
AI Appenzell Innerrhoden
75%
AR Appenzell Ausserrhoden
75%
NE Neuchâtel
75%
SG St. Gallen
75%
GR Graubünden
73%
SH Schaffhausen
73%
SZ Schwyz
73%
JU Jura
70%
NW Nidwalden
70%
SO Solothurn
70%
VD Vaud
70%
UR Uri
68%
GL Glarus
65%
VS Valais
65%
OW Obwalden
63%
TG Thurgau
63%
FR Fribourg
60%
No matching quizzes found
Score Distribution
Percent of People with Each Score
Percentile by Number Answered
Your Score History
You have not taken this quiz